|
|
|
|
| LEADER |
00000cam a2200000 7i4500 |
| 001 |
0000001766 |
| 005 |
20220105103927.0 |
| 008 |
070709 |
| 020 |
|
|
|a 9833004784(set)
|
| 020 |
|
|
|a 9833004849
|
| 090 |
0 |
0 |
|a JP
|b ENG (2170)
|
| 100 |
1 |
|
|a May Gan
|
| 245 |
1 |
0 |
|a Games grandpa used to play :
|b Focus on simple past tense
|c May Gan
|
| 260 |
|
|
|a Selangor :
|b Pustaka Tintamas ,
|c 2006
|
| 440 |
|
0 |
|a English grammer series
|
| 500 |
|
|
|a Children age 4-6 years old (yellow)
|
| 650 |
|
0 |
|a Children's stories, English
|
| 710 |
1 |
|
|a Title
|
| 999 |
|
|
|a 0000951655
|b Book
|c Children Collection
|e Cawangan Bandar Penawar
|
| 999 |
|
|
|a 0000962404
|b Book
|c Children Collection
|e Cawangan Segamat
|
| 999 |
|
|
|a 0000962406
|b Book
|c Children Collection
|e Cawangan Muar
|
| 999 |
|
|
|a 0000962407
|b Book
|c Children Collection
|e Perbadanan Perpustakaan Awam Johor
|
| 999 |
|
|
|a 0000962408
|b Book
|c Children Collection
|e Perbadanan Perpustakaan Awam Johor
|